[Event "Bruges Masters 2018"]
[Site "Brugge"]
[Date "2018.08.16"]
[Round "4"]
[White "Townsend, M Paul"]
[Black "Korneev, Oleg"]
[Result "0-1"]
[WhiteElo "2246"]
[BlackElo "2513"]
[Annotator "ChessBase"]
[PlyCount "88"]
[EventDate "2018.08.12"]
[EventType "swiss"]
[EventCountry "BEL"]
[SourceTitle "playchess.com"]
[Source "ChessBase"]
[SourceQuality "1"]
[TimeControl "5400+30"]

1. d4 {[%emt 0:00:00]} d5 {[%emt 0:07:30]} 2. c4 {[%emt 0:00:18]} c6 {[%emt 0:05:19]} 3. Nf3 {[%emt 0:00:15]} Nf6 {[%emt 0:00:20]} 4. e3 {[%emt 0:00:22]} Bf5 {[%emt 0:00:03]} 5. Nc3 {[%emt 0:00:16]} e6 {[%emt 0:00:04]} 6. Nh4 {[%emt 0:00:32]} Be4 {[%emt 0:00:40]} 7. f3 {[%emt 0:02:22]} Bg6 {[%emt 0:00:19]} 8. Qb3 {[%emt 0:07:07]} Qc7 {[%emt 0:00:48]} 9. g3 {[%emt 0:06:31]} Be7 {[%emt 0:00:16]} 10. Bd2 {[%emt 0:02:23]} Bh5 {[%emt 0:01:08]} 11. Be2 {[%emt 0:03:57]} Nfd7 {[%emt 0:23:08]} 12. Ng2 {[%emt 0:04:10]} Nb6 {[%emt 0:01:01]} 13. c5 {[%emt 0:25:10]} Nc4 {[%emt 0:02:25]} 14. Nf4 {[%emt 0:06:53]} Nxd2 {[%emt 0:00:55]} 15. Kxd2 {[%emt 0:00:05]} Bg6 {[%emt 0:00:18]} 16. Nxg6 {[%emt 0:13:44]} hxg6 {[%emt 0:00:16]} 17. Qc2 {[%emt 0:00:52]} e5 {[%emt 0:07:19]} 18. Rad1 {[%emt 0:03:57]} Nd7 {[%emt 0:04:57]} 19. Ke1 {[%emt 0:01:42]} exd4 {[%emt 0:08:06]} 20. exd4 {[%emt 0:00:06]} Nf8 {[%emt 0:09:04]} 21. Kf2 {[%emt 0:02:14]} Ne6 {[%emt 0:00:15]} 22. Bf1 {[%emt 0:00:32]} g5 {[%emt 0:03:26]} 23. Kg2 {[%emt 0:03:17]} Bf6 {[%emt 0:00:26]} 24. Ne2 {[%emt 0:00:26]} g6 {[%emt 0:00:12]} 25. Qd2 {[%emt 0:03:01]} Kf8 {[%emt 0:00:19]} 26. h3 {[%emt 0:03:17]} Kg7 {[%emt 0:00:11]} 27. Rh2 {[%emt 0:00:19]} b6 {[%emt 0:00:35]} 28. cxb6 {[%emt 0:02:15]} axb6 {[%emt 0:00:37]} 29. b3 {[%emt 0:00:47]} Ra3 {[%emt 0:03:51]} 30. Rc1 {[%emt 0:00:46]} Rha8 {[%emt 0:01:49]} 31. Rc2 {[%emt 0:01:29]} Qa7 {[%emt 0:04:08]} 32. Rxc6 {[%emt 0:02:08]} Rxa2 {[%emt 0:00:03]} 33. Rc2 {[%emt 0:00:19]} Rxc2 {[%emt 0:00:24]} 34. Qxc2 {[%emt 0:00:02]} Bxd4 {[%emt 0:04:02]} 35. Nxd4 {[%emt 0:01:35]} Nxd4 {[%emt 0:00:07]} 36. Qd3 {[%emt 0:00:07]} Qa1 {[%emt 0:01:58]} 37. Kg1 {[%emt 0:00:35]} Nf5 {[%emt 0:00:54]} 38. Rd2 {[%emt 0:00:32]} Nxg3 {[%emt 0:01:51]} 39. Rd1 {[%emt 0:01:08]} Qe5 {[%emt 0:00:17]} 40. Qd2 {[%emt 0:00:58]} Nf5 {[%emt 0:05:27]} 41. Bg2 {[%emt 0:01:48]} Ra3 {[%emt 0:01:33]} 42. Re1 {[%emt 0:01:54]} Qd4+ {[%emt 0:00:14]} 43. Qxd4+ {[%emt 0:00:22]} Nxd4 {[%emt 0:00:02]} 44. Rd1 {[%emt 0:00:05]} Ne2+ {[%emt 0:00:07]} 0-1

[Event "Bruges Masters 2018"]
[Site "Brugge"]
[Date "2018.08.16"]
[Round "4"]
[White "Mesman, Edwyn"]
[Black "Koziak, Vitali"]
[Result "1/2-1/2"]
[WhiteElo "2154"]
[BlackElo "2476"]
[Annotator "ChessBase"]
[PlyCount "61"]
[EventDate "2018.08.12"]
[EventType "swiss"]
[EventCountry "BEL"]
[SourceTitle "playchess.com"]
[Source "ChessBase"]
[SourceQuality "1"]
[TimeControl "5400+30"]

1. d4 {[%emt 0:00:00]} Nf6 {[%emt 0:02:04]} 2. c4 {[%emt 0:00:00]} e6 {[%emt 0:00:31]} 3. Nc3 {[%emt 0:00:00]} c5 {[%emt 0:01:58]} 4. d5 {[%emt 0:00:00]} exd5 {[%emt 0:00:05]} 5. cxd5 {[%emt 0:00:11]} d6 {[%emt 0:00:04]} 6. Nf3 {[%emt 0:00:20]} g6 {[%emt 0:00:19]} 7. Nd2 {[%emt 0:00:20]} Nbd7 {[%emt 0:03:39]} 8. e4 {[%emt 0:02:21]} Bg7 {[%emt 0:00:31]} 9. Be2 {[%emt 0:00:08]} O-O {[%emt 0:00:46]} 10. O-O {[%emt 0:00:26]} Ne8 {[%emt 0:18:30]} 11. Re1 {[%emt 0:02:54]} Nc7 {[%emt 0:04:11]} 12. a4 {[%emt 0:00:53]} a6 {[%emt 0:20:57]} 13. Nc4 {[%emt 0:01:46]} Qe7 {[%emt 0:04:40]} 14. Bf1 {[%emt 0:27:05]} Re8 {[%emt 0:04:30]} 15. f4 {[%emt 0:04:00]} Bd4+ {[%emt 0:03:06]} 16. Be3 {[%emt 0:03:01]} Qf6 {[%emt 0:07:25]} 17. Qf3 {[%emt 0:11:38]} Rb8 {[%emt 0:01:53]} 18. Rab1 {[%emt 0:22:10]} b5 {[%emt 0:04:41]} 19. axb5 {[%emt 0:00:48]} axb5 {[%emt 0:03:15]} 20. Na5 {[%emt 0:00:10]} Bxc3 {[%emt 0:04:31]} 21. bxc3 {[%emt 0:00:06]} Qxc3 {[%emt 0:00:15]} 22. Nc6 {[%emt 0:00:11]} Rb6 {[%emt 0:00:57]} 23. e5 {[%emt 0:00:30]} Bb7 {[%emt 0:05:37]} 24. exd6 {[%emt 0:12:17]} Nxd5 {[%emt 0:00:40]} 25. Qxd5 {[%emt 0:00:09]} Rxe3 {[%emt 0:03:38]} 26. Ne7+ {[%emt 0:03:35]} Kf8 {[%emt 0:01:13]} 27. Rec1 {[%emt 0:00:53]} Qf6 {[%emt 0:01:52]} 28. Qd2 {[%emt 0:00:33]} Qxf4 {[%emt 0:01:21]} 29. Rd1 {[%emt 0:06:13]} Re4 {[%emt 0:00:39]} 30. Qxf4 {[%emt 0:01:15]} Rxf4 {[%emt 0:00:01]} 31. Bxb5 {[%emt 0:00:16]} 1/2-1/2

[Event "Bruges Masters 2018"]
[Site "Brugge"]
[Date "2018.08.16"]
[Round "5"]
[White "Turner, Matthew J"]
[Black "Bisby, Daniel L"]
[Result "1/2-1/2"]
[WhiteElo "2533"]
[BlackElo "2314"]
[Annotator "ChessBase"]
[PlyCount "54"]
[EventDate "2018.08.12"]
[EventType "swiss"]
[EventCountry "BEL"]
[SourceTitle "playchess.com"]
[Source "ChessBase"]
[SourceQuality "1"]
[TimeControl "5400+30"]

1. d4 {[%emt 0:00:00]} Nf6 {[%emt 0:03:44]} 2. Nf3 {[%emt 0:00:13]} g6 {[%emt 0:00:32]} 3. c4 {[%emt 0:00:31]} Bg7 {[%emt 0:00:09]} 4. g3 {[%emt 0:00:13]} O-O {[%emt 0:01:21]} 5. Bg2 {[%emt 0:00:06]} d6 {[%emt 0:00:57]} 6. Nc3 {[%emt 0:00:47]} Nc6 {[%emt 0:06:28]} 7. O-O {[%emt 0:00:52]} a6 {[%emt 0:01:06]} 8. Re1 {[%emt 0:00:38]} Rb8 {[%emt 0:04:14]} 9. Rb1 {[%emt 0:00:19]} b5 {[%emt 0:06:24]} 10. cxb5 {[%emt 0:00:51]} axb5 {[%emt 0:00:04]} 11. b4 {[%emt 0:00:11]} e6 {[%emt 0:05:17]} 12. e4 {[%emt 0:04:19]} Ne7 {[%emt 0:03:08]} 13. Bg5 {[%emt 0:07:00]} h6 {[%emt 0:01:23]} 14. Bxf6 {[%emt 0:00:55]} Bxf6 {[%emt 0:00:06]} 15. Qe2 {[%emt 0:01:02]} Bg7 {[%emt 0:02:31]} 16. Rbc1 {[%emt 0:00:37]} Bd7 {[%emt 0:01:50]} 17. e5 {[%emt 0:02:59]} Bc6 {[%emt 0:05:18]} 18. Ne4 {[%emt 0:01:11]} Bxe4 {[%emt 0:01:29]} 19. Qxe4 {[%emt 0:00:06]} Nd5 {[%emt 0:00:22]} 20. Qb1 {[%emt 0:03:39]} Ra8 {[%emt 0:05:11]} 21. Nd2 {[%emt 0:01:42]} dxe5 {[%emt 0:01:59]} 22. dxe5 {[%emt 0:00:05]} Ra4 {[%emt 0:01:21]} 23. Bxd5 {[%emt 0:01:46]} Qxd5 {[%emt 0:00:15]} 24. Ne4 {[%emt 0:01:21]} Qxa2 {[%emt 0:09:31]} 25. Qxa2 {[%emt 0:02:27]} Rxa2 {[%emt 0:00:07]} 26. Nf6+ {[%emt 0:00:48]} Bxf6 {[%emt 0:04:42]} 27. exf6 {[%emt 0:01:48]} Ra4 {[%emt 0:06:28]} 1/2-1/2

[Event "Bruges Masters 2018"]
[Site "Brugge"]
[Date "2018.08.16"]
[Round "5"]
[White "Korneev, Oleg"]
[Black "Baba, Masahiro"]
[Result "1-0"]
[WhiteElo "2513"]
[BlackElo "2306"]
[Annotator "ChessBase"]
[PlyCount "97"]
[EventDate "2018.08.12"]
[EventType "swiss"]
[EventCountry "BEL"]
[SourceTitle "playchess.com"]
[Source "ChessBase"]
[SourceQuality "1"]
[TimeControl "5400+30"]

1. e4 {[%emt 0:11:03]} c5 {[%emt 0:00:00]} 2. Nf3 {[%emt 0:00:03]} d6 {[%emt 0:00:00]} 3. d4 {[%emt 0:00:03]} cxd4 {[%emt 0:00:00]} 4. Nxd4 {[%emt 0:00:02]} Nf6 {[%emt 0:00:00]} 5. Nc3 {[%emt 0:00:06]} a6 {[%emt 0:00:00]} 6. Be3 {[%emt 0:00:04]} e5 {[%emt 0:00:05]} 7. Nf3 {[%emt 0:00:04]} Qc7 {[%emt 0:00:26]} 8. a4 {[%emt 0:00:07]} Be7 {[%emt 0:00:25]} 9. Be2 {[%emt 0:05:58]} O-O {[%emt 0:00:11]} 10. O-O {[%emt 0:00:02]} b6 {[%emt 0:00:20]} 11. Nh4 {[%emt 0:12:05]} g6 {[%emt 0:04:26]} 12. Nf3 {[%emt 0:04:53]} Bb7 {[%emt 0:01:17]} 13. Qd3 {[%emt 0:05:20]} Nbd7 {[%emt 0:01:42]} 14. Nd2 {[%emt 0:00:37]} Rac8 {[%emt 0:13:43]} 15. Bf3 {[%emt 0:00:31]} Nc5 {[%emt 0:10:12]} 16. Qc4 {[%emt 0:02:43]} Qd8 {[%emt 0:11:17]} 17. Qa2 {[%emt 0:01:16]} Ne6 {[%emt 0:08:39]} 18. Qb3 {[%emt 0:08:12]} Nd4 {[%emt 0:07:59]} 19. Bxd4 {[%emt 0:02:03]} exd4 {[%emt 0:00:05]} 20. Ne2 {[%emt 0:05:40]} d5 {[%emt 0:01:13]} 21. exd5 {[%emt 0:06:24]} Nxd5 {[%emt 0:01:54]} 22. Nxd4 {[%emt 0:01:39]} Qd7 {[%emt 0:07:46]} 23. Rfd1 {[%emt 0:01:53]} Nf4 {[%emt 0:03:32]} 24. Bxb7 {[%emt 0:04:32]} Qxb7 {[%emt 0:00:09]} 25. Qf3 {[%emt 0:00:30]} Qc7 {[%emt 0:01:44]} 26. Ne4 {[%emt 0:01:54]} Rfd8 {[%emt 0:02:40]} 27. g3 {[%emt 0:02:53]} Nh3+ {[%emt 0:01:48]} 28. Kg2 {[%emt 0:00:41]} Ng5 {[%emt 0:01:36]} 29. Nxg5 {[%emt 0:00:02]} Bxg5 {[%emt 0:00:06]} 30. h4 {[%emt 0:06:05]} Bh6 {[%emt 0:00:24]} 31. c3 {[%emt 0:00:18]} Bg7 {[%emt 0:02:41]} 32. Nc2 {[%emt 0:03:23]} Qc4 {[%emt 0:03:41]} 33. Ne3 {[%emt 0:09:35]} Qb3 {[%emt 0:00:36]} 34. Nd5 {[%emt 0:00:29]} Re8 {[%emt 0:00:18]} 35. Rd2 {[%emt 0:01:35]} Re6 {[%emt 0:01:31]} 36. Qf4 {[%emt 0:00:51]} a5 {[%emt 0:02:46]} 37. Ra3 {[%emt 0:03:56]} Qc4 {[%emt 0:00:08]} 38. Qxc4 {[%emt 0:00:42]} Rxc4 {[%emt 0:00:04]} 39. b3 {[%emt 0:00:18]} Rce4 {[%emt 0:03:31]} 40. Raa2 {[%emt 0:00:17]} h5 {[%emt 0:00:15]} 41. Rd3 {[%emt 0:00:49]} Bh6 {[%emt 0:00:34]} 42. Nc7 {[%emt 0:00:35]} Rc6 {[%emt 0:00:18]} 43. Nb5 {[%emt 0:00:15]} Kg7 {[%emt 0:01:51]} 44. Rd6 {[%emt 0:00:24]} Rxd6 {[%emt 0:00:45]} 45. Nxd6 {[%emt 0:00:02]} Re6 {[%emt 0:00:15]} 46. Nb5 {[%emt 0:00:33]} g5 {[%emt 0:00:30]} 47. Nd4 {[%emt 0:00:44]} Re1 {[%emt 0:00:20]} 48. hxg5 {[%emt 0:00:30]} Bxg5 {[%emt 0:01:18]} 49. Nf3 {[%emt 0:00:01]} 1-0

[Event "Bruges Masters 2018"]
[Site "Brugge"]
[Date "2018.08.16"]
[Round "5"]
[White "Dgebuadze, Alexandre"]
[Black "Zeng, Chongsheng"]
[Result "0-1"]
[WhiteElo "2511"]
[BlackElo "2539"]
[Annotator "ChessBase"]
[PlyCount "110"]
[EventDate "2018.08.12"]
[EventType "swiss"]
[EventCountry "BEL"]
[SourceTitle "playchess.com"]
[Source "ChessBase"]
[SourceQuality "1"]
[TimeControl "5400+30"]

1. Nf3 {[%emt 0:00:00]} Nf6 {[%emt 0:07:04]} 2. d4 {[%emt 0:00:00]} g6 {[%emt 0:00:06]} 3. g3 {[%emt 0:00:26]} Bg7 {[%emt 0:00:10]} 4. Bg2 {[%emt 0:00:05]} O-O {[%emt 0:00:06]} 5. O-O {[%emt 0:00:04]} d5 {[%emt 0:00:06]} 6. c3 {[%emt 0:01:44]} b6 {[%emt 0:04:59]} 7. Ne5 {[%emt 0:04:24]} Bb7 {[%emt 0:00:32]} 8. Nd2 {[%emt 0:03:27]} c5 {[%emt 0:02:04]} 9. a4 {[%emt 0:06:24]} Nc6 {[%emt 0:02:53]} 10. Ndf3 {[%emt 0:05:07]} Na5 {[%emt 0:07:18]} 11. b4 {[%emt 0:14:47]} cxb4 {[%emt 0:01:56]} 12. cxb4 {[%emt 0:00:04]} Nc4 {[%emt 0:00:05]} 13. Qb3 {[%emt 0:01:32]} Rc8 {[%emt 0:00:56]} 14. Bh3 {[%emt 0:07:46]} e6 {[%emt 0:01:18]} 15. Bg5 {[%emt 0:01:02]} h6 {[%emt 0:06:25]} 16. Bxf6 {[%emt 0:00:44]} Bxf6 {[%emt 0:00:02]} 17. Nd3 {[%emt 0:08:51]} Qd6 {[%emt 0:03:41]} 18. Rfc1 {[%emt 0:04:58]} Rc7 {[%emt 0:00:56]} 19. Ra2 {[%emt 0:03:41]} Rfc8 {[%emt 0:00:18]} 20. Rac2 {[%emt 0:01:05]} Bc6 {[%emt 0:02:51]} 21. Nde5 {[%emt 0:07:57]} Be8 {[%emt 0:12:26]} 22. Nd3 {[%emt 0:05:53]} Bg7 {[%emt 0:12:43]} 23. e3 {[%emt 0:01:55]} g5 {[%emt 0:00:14]} 24. Bf1 {[%emt 0:03:12]} f6 {[%emt 0:01:01]} 25. Rc3 {[%emt 0:06:14]} Bf8 {[%emt 0:04:38]} 26. Be2 {[%emt 0:02:05]} Bg6 {[%emt 0:05:53]} 27. b5 {[%emt 0:03:45]} h5 {[%emt 0:00:24]} 28. h4 {[%emt 0:02:04]} g4 {[%emt 0:03:09]} 29. Nfe1 {[%emt 0:00:21]} e5 {[%emt 0:00:05]} 30. Qa2 {[%emt 0:03:12]} Bh6 {[%emt 0:06:44]} 31. dxe5 {[%emt 0:00:34]} fxe5 {[%emt 0:00:05]} 32. Nb2 {[%emt 0:00:50]} Nxe3 {[%emt 0:01:41]} 33. Rxc7 {[%emt 0:00:24]} Rxc7 {[%emt 0:00:07]} 34. Rxc7 {[%emt 0:00:07]} Qxc7 {[%emt 0:00:04]} 35. fxe3 {[%emt 0:00:29]} Bxe3+ {[%emt 0:00:08]} 36. Kh2 {[%emt 0:00:27]} Qc5 {[%emt 0:05:02]} 37. Nd1 {[%emt 0:00:22]} Bg1+ {[%emt 0:03:18]} 38. Kh1 {[%emt 0:00:17]} Be4+ {[%emt 0:00:14]} 39. Ng2 {[%emt 0:00:06]} Be3 {[%emt 0:04:16]} 40. a5 {[%emt 0:01:20]} Bd4 {[%emt 0:01:04]} 41. axb6 {[%emt 0:00:08]} Qb4 {[%emt 0:00:16]} 42. Kh2 {[%emt 0:01:08]} Bxb6 {[%emt 0:00:07]} 43. Nde3 {[%emt 0:01:23]} Qd4 {[%emt 0:01:35]} 44. Qa6 {[%emt 0:00:32]} Qc3 {[%emt 0:00:45]} 45. Nc4 {[%emt 0:00:43]} dxc4 {[%emt 0:01:05]} 46. Qc8+ {[%emt 0:00:04]} Kg7 {[%emt 0:00:06]} 47. Qd7+ {[%emt 0:01:07]} Kh6 {[%emt 0:00:21]} 48. Qd6+ {[%emt 0:00:25]} Bg6 {[%emt 0:00:31]} 49. Qf8+ {[%emt 0:00:31]} Kh7 {[%emt 0:00:02]} 50. Qe7+ {[%emt 0:00:07]} Kg8 {[%emt 0:00:19]} 51. Qf6 {[%emt 0:00:35]} Bf7 {[%emt 0:00:36]} 52. Nf4 {[%emt 0:00:35]} Qe3 {[%emt 0:01:08]} 53. Qg5+ {[%emt 0:00:13]} Kf8 {[%emt 0:00:11]} 54. Qh6+ {[%emt 0:00:19]} Ke7 {[%emt 0:00:10]} 55. Qg5+ {[%emt 0:00:14]} Ke8 {[%emt 0:00:12]} 0-1

[Event "Bruges Masters 2018"]
[Site "Brugge"]
[Date "2018.08.16"]
[Round "5"]
[White "Van Foreest, Lucas"]
[Black "Frayna, Janelle Mae"]
[Result "1-0"]
[WhiteElo "2488"]
[BlackElo "2278"]
[Annotator "ChessBase"]
[PlyCount "71"]
[EventDate "2018.08.12"]
[EventType "swiss"]
[EventCountry "BEL"]
[SourceTitle "playchess.com"]
[Source "ChessBase"]
[SourceQuality "1"]
[TimeControl "5400+30"]

1. e4 {[%emt 0:07:59]} g6 {[%emt 0:01:25]} 2. d4 {[%emt 0:00:05]} Bg7 {[%emt 0:00:03]} 3. Nc3 {[%emt 0:00:04]} c6 {[%emt 0:00:13]} 4. h3 {[%emt 0:01:21]} d6 {[%emt 0:01:19]} 5. Be3 {[%emt 0:01:13]} Nf6 {[%emt 0:01:04]} 6. Qd2 {[%emt 0:02:39]} b5 {[%emt 0:04:06]} 7. Bd3 {[%emt 0:01:01]} Nbd7 {[%emt 0:01:04]} 8. Nf3 {[%emt 0:08:00]} e5 {[%emt 0:01:30]} 9. a4 {[%emt 0:01:49]} b4 {[%emt 0:04:23]} 10. Ne2 {[%emt 0:00:27]} a5 {[%emt 0:00:59]} 11. Ng3 {[%emt 0:01:58]} O-O {[%emt 0:01:40]} 12. O-O {[%emt 0:02:10]} Qc7 {[%emt 0:15:39]} 13. c3 {[%emt 0:01:49]} bxc3 {[%emt 0:11:18]} 14. bxc3 {[%emt 0:00:08]} Ba6 {[%emt 0:02:48]} 15. Bxa6 {[%emt 0:00:57]} Rxa6 {[%emt 0:00:01]} 16. dxe5 {[%emt 0:02:32]} Nxe5 {[%emt 0:00:53]} 17. Nxe5 {[%emt 0:00:08]} dxe5 {[%emt 0:00:01]} 18. Rfd1 {[%emt 0:00:37]} c5 {[%emt 0:02:24]} 19. Rab1 {[%emt 0:00:29]} Qc6 {[%emt 0:04:25]} 20. Qc2 {[%emt 0:00:16]} h5 {[%emt 0:02:58]} 21. f3 {[%emt 0:01:35]} c4 {[%emt 0:01:29]} 22. Rb5 {[%emt 0:00:36]} Qe6 {[%emt 0:03:03]} 23. Nf1 {[%emt 0:01:26]} Rc8 {[%emt 0:00:42]} 24. Rd2 {[%emt 0:12:59]} Bf8 {[%emt 0:01:29]} 25. Qd1 {[%emt 0:00:11]} Kg7 {[%emt 0:07:35]} 26. Rd8 {[%emt 0:07:34]} Rcc6 {[%emt 0:02:50]} 27. Rbb8 {[%emt 0:08:26]} Rd6 {[%emt 0:06:30]} 28. Bh6+ {[%emt 0:01:41]} Kxh6 {[%emt 0:00:10]} 29. Qc1+ {[%emt 0:00:04]} Kg7 {[%emt 0:02:02]} 30. Rxf8 {[%emt 0:00:51]} Qd7 {[%emt 0:06:08]} 31. Rh8 {[%emt 0:01:48]} Nh7 {[%emt 0:00:10]} 32. Rbg8+ {[%emt 0:00:41]} Kf6 {[%emt 0:00:00]} 33. Rxh7 {[%emt 0:00:27]} Rd1 {[%emt 0:00:03]} 34. Qh6 {[%emt 0:04:04]} Qa7+ {[%emt 0:12:03]} 35. Kh2 {[%emt 0:00:06]} Rxf1 {[%emt 0:00:09]} 36. Qg7+ {[%emt 0:00:06]} 1-0

[Event "Bruges Masters 2018"]
[Site "Brugge"]
[Date "2018.08.16"]
[Round "5"]
[White "Koziak, Vitali"]
[Black "Guennigmann, Manuel"]
[Result "1-0"]
[WhiteElo "2476"]
[BlackElo "2216"]
[Annotator "ChessBase"]
[PlyCount "77"]
[EventDate "2018.08.12"]
[EventType "swiss"]
[EventCountry "BEL"]
[SourceTitle "playchess.com"]
[Source "ChessBase"]
[SourceQuality "1"]
[TimeControl "5400+30"]

1. Nf3 {[%emt 0:00:00]} Nf6 {[%emt 0:00:00]} 2. d4 {[%emt 0:00:00]} d6 {[%emt 0:00:00]} 3. Nc3 {[%emt 0:00:19]} Bf5 {[%emt 0:01:09]} 4. Nh4 {[%emt 0:00:14]} Bd7 {[%emt 0:04:25]} 5. e4 {[%emt 0:00:09]} e5 {[%emt 0:10:22]} 6. Nf3 {[%emt 0:00:49]} exd4 {[%emt 0:02:16]} 7. Nxd4 {[%emt 0:00:06]} Nc6 {[%emt 0:01:41]} 8. f3 {[%emt 0:05:13]} Be7 {[%emt 0:08:19]} 9. Be3 {[%emt 0:01:02]} O-O {[%emt 0:00:45]} 10. Qd2 {[%emt 0:00:13]} Nxd4 {[%emt 0:07:15]} 11. Bxd4 {[%emt 0:01:24]} c5 {[%emt 0:02:08]} 12. Be3 {[%emt 0:14:37]} Qa5 {[%emt 0:03:17]} 13. Be2 {[%emt 0:11:37]} Bc6 {[%emt 0:13:28]} 14. O-O {[%emt 0:01:56]} Kh8 {[%emt 0:01:12]} 15. Rfd1 {[%emt 0:06:04]} Rad8 {[%emt 0:02:52]} 16. Bc4 {[%emt 0:01:31]} Qc7 {[%emt 0:07:00]} 17. Qf2 {[%emt 0:06:47]} Nd7 {[%emt 0:05:09]} 18. Nd5 {[%emt 0:02:27]} Bxd5 {[%emt 0:00:11]} 19. Bxd5 {[%emt 0:00:05]} Bf6 {[%emt 0:02:50]} 20. c3 {[%emt 0:01:32]} Ne5 {[%emt 0:03:06]} 21. Rd2 {[%emt 0:03:15]} Kg8 {[%emt 0:01:57]} 22. h3 {[%emt 0:05:10]} Rfe8 {[%emt 0:03:49]} 23. Rad1 {[%emt 0:00:23]} b6 {[%emt 0:02:15]} 24. g4 {[%emt 0:03:53]} h6 {[%emt 0:01:17]} 25. f4 {[%emt 0:00:22]} Ng6 {[%emt 0:03:22]} 26. g5 {[%emt 0:00:13]} hxg5 {[%emt 0:00:43]} 27. fxg5 {[%emt 0:00:05]} Be5 {[%emt 0:00:16]} 28. Qf5 {[%emt 0:10:51]} Nh8 {[%emt 0:00:16]} 29. g6 {[%emt 0:00:27]} Bf6 {[%emt 0:02:45]} 30. Qh5 {[%emt 0:00:50]} Re5 {[%emt 0:02:28]} 31. Qh7+ {[%emt 0:03:30]} Kf8 {[%emt 0:00:04]} 32. Qxh8+ {[%emt 0:00:20]} Ke7 {[%emt 0:00:04]} 33. Qh7 {[%emt 0:00:24]} Qc8 {[%emt 0:00:32]} 34. Rf1 {[%emt 0:03:34]} Rh8 {[%emt 0:03:17]} 35. Rxf6 {[%emt 0:00:17]} Rxh7 {[%emt 0:01:19]} 36. Rxf7+ {[%emt 0:00:19]} Kd8 {[%emt 0:01:18]} 37. gxh7 {[%emt 0:07:46]} Qxh3 {[%emt 0:00:13]} 38. Rf8+ {[%emt 0:00:44]} Re8 {[%emt 0:01:35]} 39. h8=Q {[%emt 0:01:10]} 1-0

[Event "Bruges Masters 2018"]
[Site "Brugge"]
[Date "2018.08.16"]
[Round "5"]
[White "Shyaamnikhil P"]
[Black "Wan, Yunguo"]
[Result "0-1"]
[WhiteElo "2389"]
[BlackElo "2501"]
[Annotator "TA"]
[PlyCount "157"]
[EventDate "2018.08.12"]
[EventType "swiss"]
[EventCountry "BEL"]
[SourceTitle "playchess.com"]
[Source "ChessBase"]
[SourceQuality "1"]

{[%evp 12,157,0,0,7,9,19,0,14,4,36,0,0,0,0,-14,0,0,0,-14,7,0,20,19,44,24,37,47,45,45,15,32,120,2,18,0,0,0,0,0,0,0,0,0,0,-27,-27,-27,-20,-77,-40,-85,-72,-85,-85,-85,-85,-85,-85,-85,-85,-85,-85,-85,-85,-85,-85,-85,-85,-85,0,-85,-85,-85,-85,-85,-85,-85,-85,-85,-76,-124,-124,-124,-124,-124,-119,-119,-119,-119,-119,-119,-119,-119,-119,-119,-119,-119,-119,-181,-181,-181,-181,-181,-181,-181,-119,-119,-119,-119,-119,-119,0,-119,-119,-119,-119,-119,-119,-119,-119,-119,-54,-54,-54,-61,-61,-173,-173,-181,-181,-29970,-29971,-29972,-29974,-29975,-29976,-29976,-29977,-29977,-29978,-29977,-29979,-29979,-29978,-29978,-29979,-29996]} 1. g3 g6 2. Bg2 Bg7 3. d4 d5 4. Nf3 Nf6 5. O-O O-O 6. c3 Nbd7 7. a4 {LiveBook: 15 Partien. D02: Damenbauernspiele} (7. Bf4 c6 8. Qc1 Re8 9. c4 dxc4 10. Qxc4 Nb6 11. Qc1 Bg4 12. Rd1 Qc8 13. Nc3 Nfd5 14. Bh6 Nxc3 15. bxc3 Nc4 {½-½ (34) Malakhov,V (2686)-Vitiugov,N (2722) St Petersburg 2017}) 7... c5 8. a5 Re8 9. Bf4 {Die Stellung ist ausgeglichen.} e6 10. Nbd2 b6 11. Qa4 Ba6 12. Rfe1 b5 13. Qd1 Qe7 14. Ne5 Nxe5 15. Bxe5 {[#]} b4 $146 16. cxb4 cxd4 17. Qa4 {Weiss will b5 spielen.} Qb7 18. b5 Qxb5 19. Qxd4 Nh5 {[%cal Bf6h5,Bh5g7,Bg7f5][%mdl 32]} 20. Bxg7 Nxg7 21. e4 {[%cal Re4d5]} Bb7 ({Besser ist} 21... e5 $14 22. Qxd5 Rad8 23. Qxb5 Bxb5) 22. exd5 (22. Bf1 $16 Qd7 23. Nf3) 22... Nf5 $11 23. Qf6 {[%cal Rd5e6]} Bxd5 24. Ne4 Bxe4 25. Bxe4 Rab8 26. Bxf5 Qxf5 27. Qxf5 gxf5 {[%mdl 4096] Endspiel KTT-KTT} 28. Rec1 Rxb2 29. Rc7 Rd8 30. Rxa7 (30. g4 $11) 30... Rdd2 $17 31. Rf1 Ra2 32. Kg2 Kg7 33. a6 Rd6 34. Ra8 Rdxa6 35. Rxa6 Rxa6 {KT-KT} 36. Rb1 Ra4 37. Kf3 h5 38. Rb8 Ra1 39. Rb4 Kg6 40. Rb8 Kg7 41. Rb4 $1 Rg1 42. Ra4 e5 {[%cal Be6e5,Be5e4][%mdl 32]} 43. Ra5 f6 44. Ra7+ Kg6 45. Ra8 e4+ 46. Ke2 Rh1 $1 47. h4 {[#]} f4 $1 {[%mdl 512]} 48. gxf4 Kf5 ({Bloß nicht} 48... Rxh4 49. Ke3 $15) 49. f3 exf3+ 50. Kxf3 Rh3+ 51. Kg2 Rxh4 52. Rh8 Kxf4 53. Rh7 f5 54. Ra7 Rg4+ 55. Kf2 (55. Kh3 $17) 55... Rg8 $19 56. Ra4+ Kg5 57. Kg3 Rb8 58. Ra7 Rb3+ (58... h4+ $1 $19 59. Kg2 Rb6) 59. Kg2 $17 Kg4 60. Rg7+ Kf4 61. Rh7 Kg5 (61... Rg3+ $1 $17 62. Kf2 Rg5) 62. Rg7+ (62. Ra7 $1 $11 {war der einzige Weg, das Gleichgewicht zu behalten.}) 62... Kh6 63. Rg8 h4 64. Rf8 Kg5 65. Rg8+ Kf4 {( -> ...Tg3+)} 66. Rh8 {[#]} h3+ $1 67. Kh2 $15 (67. Rxh3 Rxh3) 67... Re3 {Weiss muss nun ...Kf3 beachten.} 68. Rf8 Ke4 {Und weiter mit ...f4 wäre nett.} 69. Rf7 (69. Re8+ $15 Kf3 70. Rd8) 69... f4 $19 {[%cal Bf5f4,Bf4f3,Bf3f2][%mdl 32]} 70. Rf8 Kf3 71. Ra8 $2 (71. Rf7 $19) 71... Kf2 $1 {Schwarz setzt Matt.} 72. Ra4 {[#]} f3 $1 73. Kxh3 {[#]} Kf1 $1 74. Ra1+ Re1 75. Ra2 f2 76. Kg3 Re3+ 77. Kh2 Re8 78. Ra1+ Ke2 79. Ra8 {Precision: Weiß = 59%, Schwarz = 64%.} 0-1